Prénom pour fille, garçon ou mixte ? - Statistiques

Statistiques générales
  • Ce quiz a été pris 736 fois
  • Le résultat moyen est 11 sur 30
Statistiques - réponses
Question Réponse % Correct
KAYNA FILLE
89%
SACHA MIXTE
85%
HENA FILLE
84%
EDEN MIXTE
73%
CURTIS GARCON
68%
ELLY MIXTE
59%
JONAH GARCON
52%
LOISE FILLE
50%
LOU MIXTE
43%
SOHANN MIXTE
42%
MARAM FILLE
40%
EREN GARCON
39%
LOUISON MIXTE
38%
LOWEN GARCON
37%
KADIATOU FILLE
35%
JUDE MIXTE
33%
RIM MIXTE
31%
ERIN MIXTE
26%
AYAN MIXTE
25%
IBTISSEM FILLE
24%
LOUAY GARCON
23%
HEIDY MIXTE
22%
ENOHA MIXTE
22%
ESLEM FILLE
21%
MAXENCE MIXTE
14%
LASSANA GARCON
13%
PHILIPPE MIXTE
7%
TIMOTHEE MIXTE
5%
MARC MIXTE
1%
ANNE MIXTE
1%
Aucun quiz correspondant
Distribution des résultats
% des personnes avec chaque résultat
Percentile par nombre de réponses
Votre historique - résultats
Vous n’avez pas pris ce quiz